00262nam a22001097a 4500020001800000082001700018100001500035245004100050260004200091300001100133563000800144 a9780730335924 a346.066bWON aWong, Alex aCompany Law /c Alex Wong and et all aAustralia:bJohn Wiley & Sons,c2017. a354 p. aPB.